000 00438cam a2200157ua 4500
003 OSt
008 250328b |||||||| |||| 00| 0 eng d
020 _a0-07-Y66438-2
041 _aeng
082 _a624.1501
_bKOE/CO
100 _aKoerner, Robert M .
_97372
245 _aConstruction and geotechnical methods in foundation engineering /
260 _aNew York :
_bMcGraw Hill Book Company ,
_c1985.
300 _a496 ; .
942 _cBK
999 _c7094
_d7094